000 00432nam a2200169Ia 4500
003 GCL
008 140319s9999 xx 000 0 eng d
040 _aGCL /
_cGCL
082 0 4 _a302.14
_bG S
100 1 _aGUERIN, BENARD
245 1 0 _aSOCIAL FACILITATION /
_cGUERIN, BENARD
260 _a[S.N] :
_bCAMBRIBGE UNIVERSITY PRESS ،
_c1993
300 _a244 P
650 0 4 _aSOCIOLOGY
650 0 4 _aSOCIAL SCIENCE
942 _2ddc
_cBK
999 _c19443
_d19443